000 00882nam a22002175i 4500
001 178422
003 ES-MaACL
005 20240514175553.0
008 110527s1968 sp |||| | spa d
080 _a94(460)"15"
100 1 _aTéllez, José.
_9146713
245 1 3 _aEl pastelero de Madrigal
_b: reincorporación de Portugal a la corona de Castilla /
_cpor José Téllez.
260 _aMadrid :
_bDelblan,
_cD. L. 1968.
300 _a16 p. ;
_c16 cm.
490 1 _aMosaico cultural : colección de temas instructivos. 9. Anécdotas de la historia de España ;
_v20
500 _aEncuadernado con otros títulos.
651 4 _aEspaña-
_xHistoria-
_y1556-1598, Felipe II.
_98218
830 0 _aMosaico cultural: colección de temas instructivos. Anécdotas de la historia de España
_v20
_9190950
852 _aES-MaACL
_jE-15196 (20)
_xOlim P-1923
999 _c178422
_d178422